Nursing diagnosis handbook : (Record no. 12290)
[ view plain ]
| 000 -LEADER | |
|---|---|
| fixed length control field | 00622cam a22001932 4500 |
| 001 - CONTROL NUMBER | |
| control field | 0000025566 |
| 005 - DATE AND TIME OF LATEST TRANSACTION | |
| control field | 20151217155248.0 |
| 008 - FIXED-LENGTH DATA ELEMENTS--GENERAL INFORMATION | |
| fixed length control field | 151201s xx 000 0 eng d |
| 020 ## - INTERNATIONAL STANDARD BOOK NUMBER | |
| International Standard Book Number | 0323085496 : |
| 040 ## - CATALOGING SOURCE | |
| Original cataloging agency | KABU |
| Transcribing agency | KABU |
| 100 1# - MAIN ENTRY--PERSONAL NAME | |
| Personal name | Ackley, Betty J. |
| 245 10 - TITLE STATEMENT | |
| Title | Nursing diagnosis handbook : |
| Remainder of title | an evidence-based guide to planning care / |
| Statement of responsibility, etc. | by Betty J. Ackley, Gail B. Ladwig. |
| 250 ## - EDITION STATEMENT | |
| Edition statement | 10th ed. |
| 260 ## - PUBLICATION, DISTRIBUTION, ETC. (IMPRINT) | |
| Place of publication, distribution, etc. | Missouri : |
| Name of publisher, distributor, etc. | Elsevier, |
| Date of publication, distribution, etc. | 2014. |
| 300 ## - PHYSICAL DESCRIPTION | |
| Extent | xxiii, 887 p. |
| 650 #0 - SUBJECT ADDED ENTRY--TOPICAL TERM | |
| Topical term or geographic name as entry element | Nursing diagnosis. |
| -- | 0000183308 |
| 852 1# - LOCATION | |
| -- | p5335.20 KES |
| 908 ## - PUT COMMAND PARAMETER (RLIN) | |
| Put command parameter | 151201 |
| Withdrawn status | Lost status | Source of classification or shelving scheme | Not for loan | Home library | Current library | Date acquired | Total Checkouts | Full call number | Barcode | Date last seen | Date last checked out | Price effective from | Koha item type |
|---|---|---|---|---|---|---|---|---|---|---|---|---|---|
| Library of Congress Classification | Kabarak, Main Campus | Kabarak, Main Campus | 17/12/2015 | 6 | RT48.6 .N87 2014 c. 1 | 016624 | 22/06/2023 | 29/05/2023 | 17/12/2015 | General Collection |